000
00229 a2200097 4500
001
15831
100
_a
Belore,
245
_a
Systems & Circuts for elect Engg Technology
260
_a
London
_b
Mc Graw Hil
_c
090
_c
12380
_d
12380
942
_a
NUST-CAE
_c
M
_c
2648
999
_c
250904
_d
250904